00425 2200145 4500001002300000005001700023006001900040008004100059035002600100084001500126100003400141245004600175260003600221990002200257NBPULOT00000000000356820140506093520.0a ||| | 171130| ||| |  a 0010-051400000000124 a 650 Has m0 a Drs. H. Malayu S.P. Hasibuan00a Manajemen Dasar, Pengertian, dan Masalah a Jakarta b Bumi Aksara c 2006 a 2557/APBDII/2006